[Event "35th European Club Cup 2019"]
[Site "Ulcinj"]
[Date "2019.11.14"]
[Round "5.12"]
[White "Misini, Burhanudin"]
[Black "Van Ketel, Raoul"]
[Result "0-1"]
[WhiteElo "1991"]
[BlackElo "2212"]
[Annotator "NA"]
[PlyCount "122"]
[EventDate "2019.11.10"]
[EventType "team-tourn"]
[EventCountry "MNE"]
[SourceTitle "playchess.com"]
[Source "ChessBase"]
[SourceQuality "1"]
[WhiteTeam "Drejtesia"]
[BlackTeam "LSG IntelliMagic"]
[TimeControl "40/5400+30:1800+30"]

1. e4 {[%emt 0:00:00]} e6 {[%emt 0:00:00]} 2. d4 {[%emt 0:00:00]} d5 {[%emt 0:00:00]} 3. Nd2 {[%emt 0:00:54]} Be7 {[%emt 0:00:00]} 4. c3 {[%emt 0:01:22]} c5 {[%emt 0:02:14]} 5. e5 {[%emt 0:00:41]} Nc6 {[%emt 0:01:31]} 6. Ngf3 {[%emt 0:08:43]} f6 {[%emt 0:14:31]} 7. exf6 {[%emt 0:01:56]} Nxf6 {[%emt 0:00:21]} 8. Nb3 {[%emt 0:05:24]} c4 {[%emt 0:09:53]} 9. Nbd2 {[%emt 0:00:08]} Bd6 {[%emt 0:00:22]} 10. Be2 {[%emt 0:00:45]} O-O {[%emt 0:11:21]} 11. Nf1 {[%emt 0:05:50]} e5 {[%emt 0:05:48]} 12. dxe5 {[%emt 0:00:35]} Nxe5 {[%emt 0:00:09]} 13. Ne3 {[%emt 0:00:20]} Re8 {[%emt 0:14:11]} 14. Nxe5 {[%emt 0:04:23]} Bxe5 {[%emt 0:01:35]} 15. O-O {[%emt 0:01:21]} Be6 {[%emt 0:02:20]} 16. Bf3 {[%emt 0:01:32]} Qd7 {[%emt 0:07:23]} 17. Nc2 {[%emt 0:10:28]} Bf5 {[%emt 0:00:48]} 18. Bg5 {[%emt 0:10:27]} Bd3 {[%emt 0:09:42]} 19. Bxf6 {[%emt 0:02:41]} Bxf6 {[%emt 0:00:06]} 20. Re1 {[%emt 0:00:15]} Qb5 {[%emt 0:11:05]} 21. Nb4 {[%emt 0:03:35]} d4 {[%emt 0:00:19]} 22. Rxe8+ {[%emt 0:01:31]} Rxe8 {[%emt 0:00:16]} 23. a4 {[%emt 0:00:09]} Qf5 {[%emt 0:02:02]} 24. Bg4 {[%emt 0:14:48]} Qg5 {[%emt 0:00:13]} 25. Rc1 {[%emt 0:13:58]} dxc3 {[%emt 0:00:54]} 26. bxc3 {[%emt 0:00:04]} b6 {[%emt 0:00:30]} 27. Bf3 {[%emt 0:00:30]} Rd8 {[%emt 0:03:13]} 28. Qe1 {[%emt 0:00:53]} a5 {[%emt 0:01:26]} 29. Nd5 {[%emt 0:01:21]} Be5 {[%emt 0:01:12]} 30. Qe3 {[%emt 0:02:24]} Qxe3 {[%emt 0:00:35]} 31. fxe3 Rd6 32. Kf2 {[%emt 0:04:39]} g6 {[%emt 0:00:54]} 33. g3 {[%emt 0:00:48]} Kg7 {[%emt 0:00:08]} 34. e4 {[%emt 0:01:58]} Re6 {[%emt 0:01:06]} 35. Ke3 {[%emt 0:00:23]} Bd6 {[%emt 0:00:28]} 36. Nf4 {[%emt 0:01:34]} Bc5+ {[%emt 0:00:08]} 37. Kd2 {[%emt 0:00:31]} Rd6 {[%emt 0:01:00]} 38. e5 {[%emt 0:00:32]} Rd7 {[%emt 0:00:23]} 39. Ne6+ {[%emt 0:00:58]} Kf7 {[%emt 0:00:40]} 40. Nxc5 {[%emt 0:00:00]} bxc5 {[%emt 0:00:00]} 41. Bc6 {[%emt 0:09:36]} Rd8 {[%emt 0:01:11]} 42. Ke3 {[%emt 0:00:11]} Ke6 {[%emt 0:01:46]} 43. Kf4 {[%emt 0:03:48]} h6 44. Be4 {[%emt 0:01:05]} g5+ {[%emt 0:11:19]} 45. Ke3 Kxe5 {[%emt 0:09:34]} 46. Bc6 {[%emt 0:01:26]} Rd6 {[%emt 0:01:11]} 47. Bg2 {[%emt 0:00:35]} g4 {[%emt 0:02:44]} 48. Re1 {[%emt 0:02:59]} Rf6 {[%emt 0:01:12]} 49. Rc1 {[%emt 0:02:42]} Rb6 {[%emt 0:00:17]} 50. Bf1 {[%emt 0:01:54]} Bxf1 {[%emt 0:02:11]} 51. Rxf1 {[%emt 0:00:03]} Rb3 {[%emt 0:00:06]} 52. Kd2 {[%emt 0:00:15]} Rb2+ {[%emt 0:00:06]} 53. Kc1 {[%emt 0:00:07]} Rxh2 54. Rf4 {[%emt 0:00:09]} h5 {[%emt 0:00:55]} 55. Rxc4 {[%emt 0:00:09]} Kd5 {[%emt 0:00:32]} 56. Rf4 {[%emt 0:00:10]} Rg2 {[%emt 0:00:43]} 57. Rf5+ {[%emt 0:01:38]} Kc4 {[%emt 0:00:04]} 58. Rxh5 {[%emt 0:00:13]} Rxg3 {[%emt 0:00:05]} 59. Kb2 {[%emt 0:00:15]} Rg2+ {[%emt 0:00:55]} 60. Ka3 {[%emt 0:00:13]} Rc2 {[%emt 0:00:41]} 61. Rh3 Rxc3+ 0-1

[Event "35th European Club Cup 2019"]
[Site "Ulcinj"]
[Date "2019.11.14"]
[Round "5.13"]
[White "Berkes, Ferenc"]
[Black "Laurusas, Tomas"]
[Result "1/2-1/2"]
[WhiteElo "2647"]
[BlackElo "2499"]
[Annotator "TA"]
[PlyCount "154"]
[EventDate "2019.11.10"]
[EventType "team-tourn"]
[EventCountry "MNE"]
[SourceTitle "playchess.com"]
[Source "ChessBase"]
[SourceQuality "1"]
[WhiteTeam "WorldTradingLab Club"]
[BlackTeam "MRU-ROSK Consulting"]

{[%evp 9,154,9,16,9,33,34,45,42,36,37,50,47,45,38,45,36,48,55,54,47,52,48,48,33,33,39,43,40,41,29,34,25,19,24,28,23,42,35,51,42,38,21,43,30,30,36,38,36,36,21,36,35,31,20,35,24,35,19,18,25,39,34,39,31,34,37,40,37,70,72,71,15,91,87,97,94,98,63,87,82,118,69,88,63,65,90,81,51,48,60,113,116,126,120,102,112,107,98,103,96,105,109,105,85,92,32,32,32,80,80,80,80,103,0,0,0,0,0,0,0,0,0,0,0,0,0,0,0,0,0,0,0,0,0,0,0,0,0,0,0,0,0,0,0,0,0,12851]} 1. d4 d5 2. Nf3 Nf6 3. g3 Bf5 4. c4 c6 5. Nc3 e6 6. Nh4 {D11: Slav Defence: 3 Nf3 sidelines and 3...Nf6 4 e3 Bg4} Bg6 7. Nxg6 hxg6 8. Qd3 {White is slightly better.} Nbd7 9. Bg2 Be7 10. O-O O-O 11. Rd1 Re8 12. Bf4 $146 ({Predecessor:} 12. Rb1 a5 {½-½ (40) Matlakov,M (2730)-Volkov,S (2627) Sochi 2017}) 12... Nh5 13. Bd2 Nhf6 14. Rac1 a5 15. b3 Qb6 16. Bf4 Nh5 17. Be3 Nhf6 18. h3 Qa6 19. g4 Rad8 20. Bg5 dxc4 21. Qxc4 Qa7 22. e3 Nd5 23. Ne4 Qb8 24. Bxe7 Rxe7 25. Ng5 N7f6 26. Qc5 Qc7 27. Nf3 Nd7 28. Qc4 Ree8 29. Rd2 Qd6 30. Qc2 Ra8 31. Qb2 Red8 32. a3 Qe7 33. g5 Rac8 34. h4 Ra8 35. Rcc2 Qd6 36. Rd1 Qe7 37. Qc1 Nc7 38. e4 Nb5 39. a4 Nc7 40. Qf4 (40. Qe3 $16) 40... Na6 (40... e5 $1 $11 {keeps the balance.} 41. Nxe5 (41. dxe5 Ne6 $11) 41... Nxe5) 41. Rcd2 $16 Nb4 42. Bh3 Nf8 43. Kg2 Rd6 44. Ne5 c5 45. dxc5 Rxd2 46. Rxd2 Rc8 47. Nc4 Qxc5 48. Bg4 (48. Qd6 {feels hotter.} Qa7 49. Qe5 b6 50. Qd4 Rb8 51. Bg4) 48... Nc6 $1 49. Qd6 Qxd6 (49... Qa7 $14) 50. Rxd6 Rc7 51. f4 Nd7 {[#]} 52. f5 $1 exf5 53. exf5 Nde5 54. Nxe5 Nxe5 55. fxg6 fxg6 {[%mdl 4096] Endgame KRB-KRN} 56. Be6+ Kf8 57. Rb6 (57. Rd5 $16 Nc6 58. Kf2) 57... Rc6 $1 $14 {[%cal Rc6b6]} 58. Rxc6 Nxc6 {KB-KN} 59. Bd5 Nd4 {[#]} 60. Kf2 $1 b6 61. Ke3 (61. Be4 $16) 61... Nf5+ $11 {[%mdl 64] Double Attack. The position is equal.} 62. Kf4 Nxh4 63. Be4 Kf7 64. Kg4 Nf5 $1 65. Bxf5 gxf5+ 66. Kxf5 {K3P-K3P} Ke7 67. Kg6 Kf8 68. Kf5 {And now Ke6 would win.} Ke7 69. Ke5 g6 70. Kd5 {aiming for Kc6.} Kd7 71. Kc4 {Threatens to win with Kd5.} Kc6 72. b4 axb4 73. Kxb4 Kd6 74. Kb5 Kc7 75. Kc4 $2 {[%mdl 8192]} (75. Kb4 $11) 75... Kc6 $18 76. Kb4 $2 {[%mdl 8192]} (76. Kd4 $11 Kd6 77. Kc4) 76... Kd6 77. Kb5 Ke5 $2 {[%mdl 40960] Accuracy: White = 72%, Black = 65%. . An unexpected result.} (77... Kc7 $11) 1/2-1/2

[Event "35th European Club Cup 2019"]
[Site "Ulcinj"]
[Date "2019.11.14"]
[Round "5.13"]
[White "Hammer, Jon Ludvig"]
[Black "Chigaev, Maksim"]
[Result "1/2-1/2"]
[WhiteElo "2625"]
[BlackElo "2623"]
[Annotator "TA"]
[PlyCount "120"]
[EventDate "2019.11.10"]
[EventType "team-tourn"]
[EventCountry "MNE"]
[SourceTitle "playchess.com"]
[Source "ChessBase"]
[SourceQuality "1"]
[WhiteTeam "Koge SK"]
[BlackTeam "Molodezka"]

{[%evp 27,120,0,0,0,0,0,77,77,66,61,65,78,56,70,70,79,64,-128,-121,-118,-115,-114,-115,-120,-121,-109,-18,-21,-28,-10,-29,-37,-25,-41,0,0,153,135,141,139,140,145,124,46,46,46,46,46,46,27,37,37,38,38,53,0,7,8,37,0,0,0,0,0,0,0,16,0,16,0,12,0,0,0,0,0,0,0,0,0,0,0,0,0,0,-22,-38,-147,-130,-187,-47,-36,0,-44,0]} 1. e4 e5 2. Nf3 Nc6 3. Bb5 a6 4. Ba4 Nf6 5. O-O Be7 6. Re1 b5 7. Bb3 d6 8. c3 O-O 9. h3 Re8 10. d4 Bb7 11. Nbd2 Bf8 12. d5 Nb8 13. Nf1 Nbd7 14. Ng3 Nc5 15. Bc2 {C92: Closed Ruy Lopez: 9...Be6, Karpov and Flohr-Zaitsev Variations} c6 {[%cal Rc6d5]} 16. b4 Na4 (16... Ncd7 $11) (16... Ncd7 17. dxc6 Bxc6 18. Bb3 h6 19. Nh4 a5 20. a3 Nb6 21. Ng6 axb4 22. cxb4 d5 23. Nxf8 Kxf8 24. Bxh6 gxh6 {½-½ (154) Wang,H (2709)-Grischuk,A (2772) Huaian 2017}) 17. Bxa4 $16 {White is better.} bxa4 18. c4 cxd5 19. cxd5 Qd7 $146 ({Predecessor:} 19... Bc8 20. Qxa4 Bd7 21. Qd1 a5 22. Bd2 axb4 23. Bxb4 {½-½ (67) Gauche,C (2262)-Cantarino Neto,M (2125) Sao Paulo 2014}) 20. Bg5 {Bxf6 is the strong threat.} Be7 $1 21. Nf5 Bd8 {Threatening ...Nxe4!} 22. Nh2 $2 {[#]} (22. Nd2 $14) 22... Nxe4 $1 $17 {[%mdl 576] Discovered Attack} 23. Qg4 (23. Rxe4 Qxf5) 23... Bc8 $1 (23... Nxg5 $2 24. Nh6+ $1 {[%mdl 512]} gxh6 25. Qxd7 $18) (23... Nf6 $2 24. Bxf6 Bxf6 25. Nh6+ Kh8 26. Qxd7 $18) 24. Bh6 {[%csl Gf5,Gh6][%cal Rg4g7]} g6 {Hoping for ...Nf6.} 25. Ng7 f5 26. Qf3 Rf8 (26... Ng5 $17 27. Qd1 Nf7 28. Nxe8 Nxh6) 27. Ne6 $11 Rf7 28. Rxe4 $1 fxe4 29. Qxe4 Bb7 {Threatens to win with ...Qxe6!} 30. Rd1 $1 Bb6 31. Ng4 Kh8 $2 (31... Qxe6 $1 $11 32. dxe6 Bxe4 33. Rxd6 Bd4) 32. Bg5 $16 Rc8 33. Rd3 ({Don't play} 33. Bf6+ $6 Rxf6 $1 {[%mdl 512]} 34. Nxf6 Qe7 $11) 33... Bd8 ({Avoid the trap} 33... Qxe6 $2 34. dxe6 Bxe4 35. exf7 $18) 34. Nxd8 Rxd8 {[#]} 35. Bxd8 (35. f4 $1 $16 {[%cal Rf4e5]} Rc8 36. fxe5) 35... Qxd8 $14 36. Rf3 Rxf3 37. Qxf3 {aiming for Qf7.} Kg7 38. a3 h5 39. Ne3 Bc8 40. Qe2 Qc7 41. Qd2 Bd7 42. h4 Bb5 43. g3 Kf7 44. Kg2 Qc8 45. f3 Qc7 46. g4 Qc8 47. Kg3 Kg7 48. gxh5 gxh5 49. Kh2 Qf8 50. Qg2+ Kh8 {And now ...Qf4+ would win.} 51. Qg3 Kh7 52. Kg2 Qf6 53. Nd1 Bd3 54. Nf2 Bf5 55. Kg1 Qh6 56. Kg2 Qd2 57. Kg1 (57. Kf1 $15) 57... Qxd5 $17 58. Qg5 (58. f4 $17) 58... Qf7 ({Weaker is} 58... Qxf3 59. Qe7+ Kh8 60. Qe8+ Kh7 61. Qf7+ Kh8 62. Qf8+ Kh7 63. Qf7+ Kh8 64. Qf8+ Kh7 65. Qf7+ $11) (58... Qg8 $19 {White must now prevent ...Qxg5+.} 59. Qxg8+ Kxg8) 59. Kf1 $15 d5 (59... e4 $5 {[%cal Re4f3]} 60. Qf4 d5 $15) 60. Ke1 e4 {Accuracy: White = 60%, Black = 60%.} 1/2-1/2

[Event "35th European Club Cup 2019"]
[Site "Ulcinj"]
[Date "2019.11.14"]
[Round "5.13"]
[White "Noe, Christopher"]
[Black "Cernousek, Lukas"]
[Result "1-0"]
[WhiteElo "2533"]
[BlackElo "2461"]
[Annotator "ChessBase"]
[PlyCount "65"]
[EventDate "2019.11.10"]
[EventType "team-tourn"]
[EventCountry "MNE"]
[SourceTitle "playchess.com"]
[Source "ChessBase"]
[SourceQuality "1"]
[WhiteTeam "De Sprenger Echternach"]
[BlackTeam "Unichess"]
[TimeControl "40/5400+30:1800+30"]

1. d4 d5 2. e3 Nf6 3. Nf3 c5 4. c4 cxd4 5. exd4 g6 6. Nc3 Bg7 7. cxd5 Nxd5 8. Bb5+ Nc6 9. O-O O-O 10. h3 Be6 11. Bxc6 bxc6 12. Na4 Nc7 13. Nc5 Bc4 14. Re1 Ne6 15. Qc2 Nxc5 16. Qxc4 Ne6 17. Be3 Qb6 18. b3 Qb5 19. Rac1 Qxc4 20. Rxc4 Rac8 21. Ra4 Rc7 22. Rc1 Rd8 23. Kf1 Rd5 24. Rcc4 Kf8 25. Ra6 Rd6 26. d5 cxd5 27. Rxc7 Nxc7 28. Rxa7 Rc6 29. b4 e5 30. a4 d4 31. b5 Nxb5 32. axb5 Rc5 33. b6 1-0

[Event "35th European Club Cup 2019"]
[Site "Ulcinj"]
[Date "2019.11.14"]
[Round "5.13"]
[White "Draskovic, Luka"]
[Black "Karttunen, Mika"]
[Result "1/2-1/2"]
[WhiteElo "2460"]
[BlackElo "2477"]
[Annotator "ChessBase"]
[PlyCount "72"]
[EventDate "2019.11.10"]
[EventType "team-tourn"]
[EventCountry "MNE"]
[SourceTitle "playchess.com"]
[Source "ChessBase"]
[SourceQuality "1"]
[WhiteTeam "Crnogorac"]
[BlackTeam "Tammer-Shakki"]
[TimeControl "40/5400+30:1800+30"]

1. c4 {[%emt 0:00:00]} Nf6 {[%emt 0:00:00]} 2. Nf3 {[%emt 0:00:35]} g6 {[%emt 0:00:00]} 3. g3 {[%emt 0:00:22]} Bg7 {[%emt 0:00:07]} 4. Bg2 {[%emt 0:00:05]} O-O {[%emt 0:00:07]} 5. O-O {[%emt 0:00:37]} d6 {[%emt 0:03:05]} 6. d4 {[%emt 0:00:25]} c6 {[%emt 0:00:58]} 7. Nc3 {[%emt 0:00:16]} Bf5 {[%emt 0:00:18]} 8. Bg5 {[%emt 0:04:16]} Ne4 {[%emt 0:02:25]} 9. Nxe4 {[%emt 0:00:06]} Bxe4 {[%emt 0:00:05]} 10. Qd2 {[%emt 0:00:04]} Re8 {[%emt 0:06:31]} 11. Bh6 {[%emt 0:00:35]} Nd7 {[%emt 0:05:05]} 12. Bxg7 {[%emt 0:00:42]} Kxg7 {[%emt 0:00:11]} 13. Qc3 {[%emt 0:13:55]} Nf6 {[%emt 0:01:18]} 14. Bh3 {[%emt 0:04:50]} Bxf3 {[%emt 0:03:57]} 15. Qxf3 {[%emt 0:00:09]} Qb6 {[%emt 0:03:41]} 16. Qc3 {[%emt 0:04:11]} e5 {[%emt 0:17:11]} 17. dxe5 {[%emt 0:01:22]} dxe5 {[%emt 0:00:47]} 18. Rad1 {[%emt 0:08:16]} a5 {[%emt 0:07:32]} 19. a3 {[%emt 0:06:42]} Ne4 {[%emt 0:01:34]} 20. Qd3 {[%emt 0:09:58]} Nf6 {[%emt 0:03:03]} 21. Qc3 {[%emt 0:01:26]} Qc5 {[%emt 0:03:41]} 22. Bg2 {[%emt 0:09:05]} Rad8 {[%emt 0:02:08]} 23. b4 {[%emt 0:04:31]} axb4 {[%emt 0:00:09]} 24. axb4 {[%emt 0:00:04]} Qe7 {[%emt 0:02:08]} 25. Rd3 {[%emt 0:04:19]} Rxd3 {[%emt 0:01:27]} 26. exd3 {[%emt 0:00:05]} Qd6 {[%emt 0:09:59]} 27. Re1 {[%emt 0:01:39]} Rd8 {[%emt 0:02:38]} 28. Rxe5 {[%emt 0:08:38]} Qxd3 {[%emt 0:00:08]} 29. Qxd3 {[%emt 0:00:20]} Rxd3 {[%emt 0:00:30]} 30. Re7 {[%emt 0:03:19]} Rd1+ {[%emt 0:00:19]} 31. Bf1 {[%emt 0:00:05]} Nd7 {[%emt 0:00:32]} 32. Kg2 {[%emt 0:00:33]} Kf8 {[%emt 0:00:15]} 33. Re3 {[%emt 0:00:44]} Rb1 {[%emt 0:03:22]} 34. b5 {[%emt 0:00:16]} Nb6 {[%emt 0:01:46]} 35. Ra3 {[%emt 0:07:49]} cxb5 {[%emt 0:03:09]} 36. cxb5 {[%emt 0:00:06]} Re1 {[%emt 0:05:00]} 1/2-1/2

[Event "35th European Club Cup 2019"]
[Site "Ulcinj"]
[Date "2019.11.14"]
[Round "5.14"]
[White "Paravyan, David"]
[Black "Banusz, Tamas"]
[Result "1-0"]
[WhiteElo "2628"]
[BlackElo "2620"]
[Annotator "TA"]
[PlyCount "83"]
[EventDate "2019.11.10"]
[EventType "team-tourn"]
[EventCountry "MNE"]
[SourceTitle "playchess.com"]
[Source "ChessBase"]
[SourceQuality "1"]
[WhiteTeam "Molodezka"]
[BlackTeam "Koge SK"]

{[%evp 9,83,-20,-10,-19,-13,-36,75,71,73,75,64,72,68,64,49,54,91,70,64,73,70,72,68,61,93,94,87,92,94,94,93,93,145,145,145,145,145,145,144,145,144,135,150,155,149,139,183,181,209,206,206,202,223,213,259,265,329,332,318,258,266,275,395,394,1145,1128,972,588,818,812,29987,832,12808,5043,29997,29998]} 1. d4 d5 2. c4 c6 3. Nf3 Nf6 4. Nc3 dxc4 5. e4 b5 $1 6. Be2 {D15: Slav Defence: 4 Nc3 a6 and gambit lines after 4 Nc3 dxc4} e6 (6... b4 7. e5 bxc3 8. exf6 exf6 9. bxc3 Bd6 10. O-O O-O 11. Nd2 Re8 12. Re1 Nd7 13. Nxc4 Bc7 {1-0 (44) Carlsen,M (2875)-Yu,Y (2738) Stavanger 2019}) 7. O-O Nbd7 (7... Bb7 $15 {keeps the upper hand.}) 8. d5 $16 {White is better.} exd5 9. exd5 cxd5 $146 ({Predecessor:} 9... Nxd5 10. Nxd5 cxd5 11. Qxd5 Rb8 12. Bf4 Rb7 13. Rfe1 Be7 {0-1 (35) Lacunza,M (1855)-McMahon,P (2031) IECG email 1998}) 10. Re1 Be7 11. Nxd5 Nxd5 12. Qxd5 {[%mdl 64] Double Attack} Nb6 13. Qxb5+ Bd7 14. Qa5 O-O 15. Ne5 Rc8 16. Be3 {And now Rad1 would win.} Qc7 17. Nxd7 Qxd7 18. Rad1 Qc7 19. Bf3 Bf6 20. g3 Bxb2 (20... Rce8 $142) 21. Bf4 Qc5 22. Qxc5 ({But not} 22. Qxa7 $6 Bd4 $11) 22... Rxc5 23. Bd6 $1 {[%csl LRc5,LRf8]} Rcc8 24. Bxf8 Kxf8 25. Bg4 $36 {[%mdl 2048] White is on the roll.} Rb8 26. Rd6 $1 g6 27. Rc6 c3 28. Bd1 Rb7 {[#]} 29. Bb3 $1 Kg7 30. Kf1 Kf8 31. g4 h6 32. h4 Kg7 33. h5 g5 34. f3 Rd7 35. Rd1 Rb7 {[#]} (35... Re7 {is a better defense.} 36. Bc2 Re5) 36. f4 $1 $18 {[%mdl 512]} f6 $2 (36... c2) (36... gxf4 37. g5) 37. fxg5 hxg5 38. Be6 Re7 39. Bf5 Na8 {[#]} 40. Rdd6 (40. h6+ $142 $1 {[%mdl 512]} Kxh6 41. Rd8 Nc7 42. Rh8+ Kg7 43. Rh7+ Kg8 44. Rxe7 c2 45. Rxc2) 40... Nc7 41. Rxf6 Nd5 42. h6+ {Accuracy: White = 89%, Black = 35%.} 1-0

[Event "35th European Club Cup 2019"]
[Site "Ulcinj"]
[Date "2019.11.14"]
[Round "5.14"]
[White "Krivonosov, Oleg"]
[Black "Lopez Martinez, Josep Manuel"]
[Result "0-1"]
[WhiteElo "2404"]
[BlackElo "2567"]
[Annotator "TA"]
[PlyCount "254"]
[EventDate "2019.11.10"]
[EventType "team-tourn"]
[EventCountry "MNE"]
[SourceTitle "playchess.com"]
[Source "ChessBase"]
[SourceQuality "1"]
[WhiteTeam "MRU-ROSK Consulting"]
[BlackTeam "WorldTradingLab Club"]

{[%evp 17,254,50,60,47,97,95,86,89,81,83,87,72,82,67,72,62,84,45,60,43,49,4,72,79,71,65,59,60,79,67,106,97,93,54,51,50,60,0,0,0,0,0,0,0,0,0,0,-12,97,0,0,0,0,0,0,0,0,0,0,0,-7,-25,-21,-40,0,-7,-7,-8,0,0,0,-7,0,-8,-8,-8,-7,-8,-7,-8,-7,-7,-7,-7,-7,-7,-7,-7,-7,-7,-7,-7,-7,-7,0,-8,0,0,0,0,0,0,0,-49,0,-49,0,-49,-49,-49,-49,-49,-49,-49,-49,-49,-49,-49,-49,-49,-49,-49,-49,-49,-49,-49,-49,-49,-49,-49,0,-49,0,-49,0,0,0,0,0,0,0,0,0,0,0,0,0,0,0,0,0,0,0,0,0,0,0,0,0,0,0,0,0,0,0,0,0,0,0,0,0,0,0,0,0,0,0,0,0,0,0,0,0,0,0,0,0,0,0,0,0,0,0,0,0,0,0,0,0,0,0,0,0,0,0,-134,0,0,0,0,0,0,0,0,0,0,0,-8,-8,-8,-8,-8,-8,-8,-8,-8,-8,-8,-8,-8,-8,-8,0,0,0,-8,0,-29975,-29976]} 1. Nf3 d6 2. d4 Bg4 3. c4 Bxf3 4. exf3 g6 5. Be2 Bg7 6. d5 c6 7. Nc3 Nd7 8. Be3 Ngf6 9. O-O O-O 10. Rc1 {A41: 1 d4 d6: Tartakower System and Modern Defence} (10. f4 cxd5 11. Nxd5 Nxd5 12. Qxd5 Bxb2 13. Rab1 Bf6 14. Rxb7 Nc5 15. Bxc5 dxc5 16. Qxc5 Qd2 17. Bf3 Qxa2 {0-1 (72) Gelfand,B (2673)-Petrosian,T (2598) St Petersburg 2018}) 10... c5 11. Qd2 a6 12. b3 $146 {White is better.} ({Predecessor:} 12. f4 Qa5 13. g4 b5 {1-0 (52) Spassov,L (2394)-Arnaudov,P (2226) Sofia 2004}) 12... Ne8 13. Rfe1 Nc7 14. a4 Re8 15. Red1 Rb8 16. Bf1 Na8 17. Rb1 Qa5 18. Rdc1 Nc7 19. Qc2 e6 (19... Bxc3 $11 20. Qxc3 Qxc3 21. Rxc3 b5) 20. Bd2 $16 Qb6 21. a5 Qa7 $1 22. Bf4 Bxc3 23. Qxc3 exd5 24. Bxd6 d4 25. Qd2 Rbc8 26. b4 Ne6 27. b5 (27. bxc5 $14 Ndxc5 28. Re1) 27... b6 $11 28. Bg3 axb5 29. Rxb5 bxa5 30. Rxa5 Qb6 31. Rca1 Qd8 32. Ra7 Nf6 {[#]} (32... Nb8 $11) 33. Bd3 (33. Bh4 $1 $16) 33... Nh5 $1 34. Be4 Nxg3 35. hxg3 Re7 36. Bd5 Rxa7 37. Rxa7 {Threatens to win with Bxe6.} Qb6 38. Rb7 Qd6 39. f4 Nc7 40. Bf3 Qe6 41. Qe2 Qxe2 42. Bxe2 {[%mdl 4096] Endgame KRB-KRN} Ne8 43. g4 Kf8 44. g5 (44. Bd3 {keeps more tension.} Ra8 45. Kf1 h6 46. f5 Ra1+ 47. Ke2) 44... Rc7 (44... Ra8 {is more complex.} 45. Rd7 Ra1+ 46. Kh2 Ra6 47. Rd5 Ra5) 45. Rxc7 (45. Rb8 {seems wilder.} Ra7 46. g3 Ke7 47. Rb5 Kd6 48. Rb6+) 45... Nxc7 {KB-KN} 46. Bd3 Ke7 47. Kf1 Kd6 48. Ke2 Na8 49. Be4 Nb6 50. Kd3 Na4 51. Kc2 Nc3 52. Bd3 Ke6 53. g3 f6 54. gxf6 Kxf6 55. Kd2 h5 56. Bf1 g5 57. fxg5+ Kxg5 58. Bg2 h4 59. gxh4+ Kxh4 60. Ke1 Kg4 61. Kd2 Kf4 62. Ke1 Na4 63. Kd2 Nb6 64. Kd3 Nd7 {...Ne5+ is the strong threat.} 65. Bd5 Nf6 66. Bg2 Ke5 67. Kd2 Nh5 68. Bb7 Nf4 69. Bc8 Kd6 70. Bf5 Kc6 71. Kc2 Kc7 72. Kb2 Nh5 73. Kc2 Nf6 74. Kd3 Kc6 75. Be4+ Kb6 76. Bd5 Ka5 77. f4 Kb4 78. Bf3 Ka5 79. Bg2 Kb6 80. Bh3 Kc7 81. Ke2 Ne8 82. Kf3 Nd6 83. Bf1 Kd7 84. Bd3 Ke6 85. Bf1 Kf6 86. Bd3 Nf5 87. Ke4 Ke6 88. Kf3 Ne3 89. Be2 Nc2 90. Ke4 Kd6 91. Kf5 Nb4 92. Ke4 Na2 93. Bg4 Nc3+ 94. Kd3 Ke7 95. Bh3 Kf6 96. Bd7 Kg7 97. Bc8 Kh6 98. Bd7 Kh5 99. Bc8 Na4 100. Ke4 Kh4 101. Bd7 Nc3+ 102. Kf3 Kh5 103. Bg4+ Kg6 104. Bd7 Kf6 105. Bc6 Nb1 106. Bd5 Na3 107. Ke4 Nc2 108. Kd3 Ne3 109. Ke4 Ke7 110. Kd3 Ng4 111. Bf3 {[#]} (111. Bb7 $11) 111... Nf6 (111... Nf2+ $1 $17 112. Ke2 Nh3) 112. Bb7 Kd7 113. Bd5 Kc7 114. Bf7 Kb6 115. Kc2 Ka5 116. Kb3 Ng4 117. Be6 Ne3 118. Bd5 Kb6 119. Be4 Kc7 120. Ka4 Kd6 121. Kb3 Ke6 122. Ka4 Nd1 {Strongly threatening ...Nc3+.} (122... Nxc4 $5 123. Kb5 $8 {[%mdl 64] Double Attack} Nd2 124. Kxc5 Nxe4+ 125. Kxd4 Ng3 $11) 123. Kb3 Nf2 124. Bb1 $1 Ke7 (124... d3 $5 125. Kc3 $8 Kf5 126. Bxd3+ Kxf4 $11) 125. Bf5 Kf6 126. Bb1 Ke6 $2 {[%mdl 8192]} (126... d3 $11 127. Kc3 Kf5 128. Bxd3+ Nxd3 129. Kxd3 Kxf4) 127. Bc2 d3 {Accuracy: White = 75%, Black = 75%.} 0-1

[Event "35th European Club Cup 2019"]
[Site "Ulcinj"]
[Date "2019.11.14"]
[Round "5.14"]
[White "Koykka, Pekka"]
[Black "Tomic, Aleksandar"]
[Result "0-1"]
[WhiteElo "2379"]
[BlackElo "2364"]
[Annotator "TA RC"]
[PlyCount "46"]
[EventDate "2019.11.10"]
[EventType "team-tourn"]
[EventCountry "MNE"]
[SourceTitle "playchess.com"]
[Source "ChessBase"]
[SourceQuality "1"]
[WhiteTeam "Tammer-Shakki"]
[BlackTeam "Crnogorac"]

{[%evp 14,100,22,0,35,23,31,27,32,25,55,0,0,0,0,0,0,0,0,-133,-130,-131,-120,-229,-219,-222,-231,-472,-472,-472,-463,-512,-494,-479,-316,-312,-317,-322,-171,-171,-171,-171,-171,-171,-181,-171,-181,-181,-181,-193,-180,-181,-181,-181,-181,-190,-195,-213,-186,-178,-180,-235,-248,-254,-258,-300,-233,-314,-289,-284,-284,-282,-282,-316,-311,-431,-431,-416,-367,-510,-479,-437,-463,-442,-431,-598,-597,-567,-554]} 1. e4 d6 2. d4 Nf6 3. Nc3 c6 4. f4 Qa5 5. Bd3 e5 6. Nf3 Bg4 7. dxe5 dxe5 8. f5 Bc5 {B07: Pirc Defence: Miscellaneous Systems} (8... Nbd7 9. Bd2 Qc7 10. h3 Bxf3 11. Qxf3 Nc5 12. Be2 Rd8 13. b4 Ncd7 14. a3 c5 15. b5 c4 16. g4 {1-0 (52) Popov,I (2622)-Bitoon,R (2413) Quezon City 2014}) 9. Bd2 Nbd7 10. h3 Bxf3 $1 {White has an edge.} 11. Qxf3 h5 12. g4 $146 (12. Nd5 $14 Qd8 13. Nxf6+ Qxf6 14. O-O-O) ({Predecessor:} 12. g3 Bb4 13. a3 Bxc3 14. Bxc3 Qc7 15. g4 hxg4 16. hxg4 Rxh1+ 17. Qxh1 {½-½ (29) Wach,M (2403)-Stanec,N (2477) Vienna 1999}) 12... hxg4 $11 13. hxg4 Rxh1+ 14. Qxh1 Nxg4 15. Qh8+ Bf8 16. Bc4 (16. Qh4 $11 {remains equal.} Ngf6 17. Nd5) 16... Ndf6 $1 $17 {White must now prevent ...Qc5.} ({Not} 16... Qc5 17. Bxf7+ $1 {[%mdl 512]} Kxf7 18. Qh5+ Kg8 19. Qxg4 $14) 17. O-O-O {[#] aiming for Nd5.} Qc5 $1 {[%cal Rc5c4]} 18. Be2 (18. Bb3 $17) 18... Nf2 $19 {[%mdl 64] Double Attack} 19. Re1 N2xe4 20. Bd3 $2 (20. Nxe4 {was necessary.} Nxe4 21. Qh4 Nxd2 22. Kxd2) 20... Nxd2 21. Kxd2 Qf2+ 22. Kd1 O-O-O {...Bb4 is the strong threat.} 23. Qh3 Bb4 {Played: Qf2-d4} 0-1